000 00227 a2200097 4500
001 42357
100 _aBreul K
245 _aCassell's German and English Dictionary
260 _a
_bCassell & Co. Ltd
_c
090 _c26292
_d26292
942 _aNUST-CAE
_cM
_c18105
999 _c277430
_d277430